000 00580nam a2200181Ia 4500
008 090124s9999 xx 000 0 und d
082 _b108713
100 _aत्रिपाठी सुर्यकांत ''निराला''
245 _a अलका
250 _a10
260 _c1961
300 _a211
600 _aत्रिपाठी सुर्यकांत ''निराला''
630 _a अलका
700 _aत्रिपाठी सुर्यकांत ''निराला''
730 _a अलका
942 _cBOOK
999 _c154804
_d154804